| 000 | 03016nam a22004217a 4500 | ||
|---|---|---|---|
| 007 | cr | ||
| 008 | 250801e20250408ag |||||oz||| 00| 0 spa d | ||
| 020 | _a 9786319100549 | ||
| 040 |
_cAR-FvUNAJ _dAR-FvUNAJ _eaacr2 |
||
| 041 | _aspa | ||
| 100 | 1 |
_96867 _aSazbón, Daniel Bernardo _eComp. |
|
| 245 | 1 | 0 |
_aDeshilvanando El Varelense : _bApuntes sobre la vida en Florencio Varela en los años '40 / _cCompilador Daniel Sazbón |
| 260 |
_aFlorencio Varela : _bUniversidad Nacional Arturo Jauretche, _c2025 |
||
| 300 |
_a288 p. : _bDigital |
||
| 490 |
_aObras Colectivas Sobre Resultados : Avances de Investigación / Narodowski, Patricio _v10 |
||
| 520 | _aEste libro compila una serie de trabajos realizados en el marco del Proyecto de Investigación UNAJ Investiga “La política y la cultura de masas en escala: estudio de experiencias sociales en espacios culturales y políticos en la región varelense durante la primera mitad del siglo XX” (2022-2023). En particular, el libro continúa y profundiza los resultados del volumen anterior publicado por el mismo equipo y editado por UNAJ. Así como en Una historia cultural descentrada (González Velasco y Prado Acosta, comps) las lecturas de la vida política, social y cultural varelense se apoyaban en el análisis de la publicación local Nueva Era, aquí la fuente relevada es el periódico El Varelense, con quien entablara fuertes polémicas políticas y partidarias entre 1940 y 1950. Los artículos reunidos hacen foco en las prácticas recreativas y asociativas de la localidad, las instituciones que crearon sus habitantes y la relación con los espacios de la vida política de la región. Intenta así avanzar en el conocimiento de las prácticas y experiencias de las y los varelenses a partir del cruce entre las dimensiones políticas, culturales y asociativas de su vida histórica. | ||
| 540 |
_aEsta obra está bajo una Licencia Creative Commons Argentina. Atribución - No Comercial - Sin Derivadas 2.5 Argentina (CC BY-NC-ND 2.5 AR) _uhttps://creativecommons.org/licenses/by-nc-nd/2.5/ar/ |
||
| 650 | 2 | 7 |
_2unescot _9797 _aMEDIOS DE COMUNICACION DE MASAS |
| 650 | 2 | 7 |
_2unescot _98981 _aSOCIEDAD CIVIL |
| 651 | 0 |
_93814 _aFLORENCIO VARELA (Buenos Aires) |
|
| 653 | 2 | 0 | _aMedios de Comunicación Local |
| 700 | 1 |
_97625 _aCalzon Flores, Florencia |
|
| 700 | 1 |
_911205 _aCecchi, Ana |
|
| 700 | 1 |
_97626 _aCedro, Juliana |
|
| 700 | 1 |
_91594 _aGómez, Gabriela |
|
| 700 | 1 |
_9636 _aGonzález Velasco, Carolina |
|
| 700 | 1 |
_921757 _aGuiamet, Javier |
|
| 700 | 1 |
_921758 _aMartínez Almudévar, Paula |
|
| 700 | 1 |
_97631 _aPrado Acosta, Laura |
|
| 700 | 1 |
_92697 _aRivas, María del Carmen |
|
| 700 | 1 |
_96867 _aSazbón, Daniel Bernardo |
|
| 700 | 1 |
_98437 _aSeckel, Pablo |
|
| 830 |
_920784 _aObras Colectivas Sobre Resultados : Avances de Investigación _v10 |
||
| 856 | _uhttps://rid.unaj.edu.ar/handle/123456789/3167 | ||
| 942 |
_2ddc _cLIBRO DIGI |
||
| 980 |
_620072 _a Matías Regueira _820072 _g Matías Regueira |
||
| 999 |
_c11039 _d11039 |
||